000 02775nam a2200349 i 4500
003 DO-SdBNP
005 20250129073606.0
006 a|||||r|||| 00| 0
007 ta
008 230413e2001 dr aoc|gr|||| 001 edspa d
020 _a9993423203
040 _aDO-SdBNP
_bspa
_cBNPHU
_erda
082 4 _a923.27293
_bD812ba
_222
100 1 _aBalcácer, Juan Daniel,
_d1949-
_eautor
_96566
245 1 0 _aJuan Pablo Duarte :
_bel Padre de la Patria /
_cJuan Daniel Balcácer; selección y fuentes de ilustraciones y cuidado de edición, José Chez Checo.
264 4 _aSanto Domingo :
_bAmigos del Hogar,
_c2001.
300 _a151 páginas :
_bIlustraciones, fotografías, mapas, retratos ;
_c24 cm.
336 _2rdaconten
_atexto
_btxt
337 _2rdamedia
_asin medición
_bn
338 _2rdacarrier
_avolumen
_bnc
500 _aCubierta: "El sueño de Duarte", óleo de Luis -Sisito- Desangles.
500 _aIncluye pié de fotos.
504 _aBibliografía: páginas, 141 -143
505 _aIntroducción a la presente edición.
_tMensaje a los que no son niños.--
_tMensaje a los amiguitos lectores.--
_tEl nacimiento: La herencia colonial.-- La casa natal.-- La familia Duarte y Diez.--
_tEn la escuela: La independencia efímera.-- La dominación haitiana.--El viaje de estudios.--
_t¿Quiénes era los haitianos?: El sistema de la esclavitud.-- La revolución haitiana.-- El amor a la libertad.--
_tEn los trabajos revolucionarios: El sistema democrático.-- La idea independentista.--
_tLa Trinitaria, La Filantrópica y la Dramática: Nace la Trinitaria.-- El sagrado Juramento.-- Trinitarios, adeptos y comunicados.-- La Filantrópica y la Dramática.--
_tRevolución de la Reforma y la separación de Haití: Duarte en acción.-- Persecución y primer exilio.-- Continúan los planes revolucionarios.-- La fórmula del protectorado.-- La manifestación del 16 de enero.-- La carta del sacrificio.-- Nace una nueva República.--
_tLa República Dominicana: Duarte en Campaña.-- Duarte Presidente.-- Prisión y segundo exilio.-- El ilustre loco.-- Otra vez Venezuela.--
_tEn la guerra restauradora: Liberales y conservadores.-- Duarte y la anexión.-- De nuevo a defender la Patria.-- Duarte y el gobierno restaurador.-- Finalmente Venezuela.-- Enfermedad y muerte.--
_tEl Padre de la Patria: El patriota olvidado.-- El reconocimiento de la posteridad.--
_tBibliografía sugerida.--
_tFuente de las ilustraciones.
590 _aInventariado 2023 / MF
600 1 4 _a Duarte, Juan Pablo,
_d1813-1876
_91494
650 4 _aEstadistas
_zRepública Dominicana
_vBiografías
_945404
651 4 _aRepública Dominicana
_xHistoria
_y1844-1930
_91009
700 1 _aChez Checo, José,
_d1949-
_eeditor
_910145
910 _aValidado. Control de calidad MFF
942 _2ddc
_cLBS1
999 _c53244
_d53244